000
00301nam a22001337a 4500
008
171020b xxu||||| |||| 00| 0 eng d
020
_a
9780536024619
041
_a
eng
080
_a
338
100
_a
54
101
_a
MNG
245
_a
INTRODUCTION TO ENTREPRENEURSHIP
_c
GORMON, G
942
_2
udc
_c
BK
999
_c
35183
_d
35183